El vate de la raza (Registro nro. 310144)
[ vista simple ]
| 000 -ENCABEZADO | |
|---|---|
| Número de control [NR] | 01900nam a2200265 4500 |
| 005 - FECHA Y HORA DE LA ÚLTIMA TRANSACCIÓN | |
| control field | 20180709111058.0 |
| 008 - DE LONGITUD FIJA DE DATOS DE ELEMENTOS - INFORMACIÓN GENERAL | |
| Elementos de longitud fija [NR] | 180709s1933 ck a|||fr|||| 001 0dspa d |
| 040 ## - FUENTE DE CATALOGACION [NR] | |
| Agencia de catalogación original [NR] | CO-BoUCM |
| Idioma de catalogación [NR] | spa |
| Quien Cataloga | Sandra Yazo (modificó) |
| Quien Clasifica | Sandra Yazo (modificó) |
| 041 0# - CODIGO DE IDIOMA [R] | |
| Código de idioma para texto/pista de sonido o título separado [R] | Español |
| 082 04 - NUMERO DE CLASIFICACION DECIMAL DEWEY [R] | |
| Número de la edición [NR] | 20 |
| Número de clasificación [R] | 851.1 |
| 092 ## - SIGNATURA TOPOGRAFICA LOCAL | |
| Número de clasificación local | E47N004 |
| 100 1# - ASIENTO PRINCIPAL--NOMBRE PERSONAL [NR] | |
| Nombre personal [NR] | Andrade Valderrama, José Celestino |
| Fechas asociadas con el nombre [NR] | 1898- |
| ID Autoridad | 92982 |
| 245 13 - MENCION DE TITULO [NR] | |
| Título [NR] | El vate de la raza |
| Parte restante del título [NR] | Altísimo poeta humano. Cantor clásico y romántico |
| Mención de responsabilidad, etc. [NR] | José C. Andrade |
| 246 ## - FORMA VARIANTE DEL TITULO [R] | |
| Título propiamente dicho/forma breve del título [NR] | Virgilio poeta de Roma |
| 260 ## - PUBLICACION, DISTRIBUCION, ETC. (PIE DE IMPRENTA) [R] | |
| Lugar de publicación, distribución, etc. [R] | Bogotá (Colombia) |
| Nombre del editor, distribuidor, etc. [R] | Imp. de C. de Jesús |
| Fecha de publicación, distribución, etc. [R] | 1933 |
| 300 ## - DESCRIPCION FISICA [R] | |
| Extensión [R] | 112 páginas |
| Dimensiones [R] | 17 x 12 cm |
| 500 ## - NOTA GENERAL [R] | |
| Nota general [NR] | Detalles físicos: Encuadernación rígida (holandesa) en cartón forrado en papel jaspeado. Lomo de tela texturizada, con adornos en dorado. Guardas. Conserva guarda delantera original con datos de publicación impresos y a color, en cartulina, firma J. I. Castillo Tovar. Hoja de cortesía; al verso, fotografía con estatua de Virgilio. Anteportada, con una anotación de donación. Portada impresa en una sola tinta enmarcada en doble recuadro. Dedicatoria. Bibliografía. Prólogo. Texto impreso en una sola columna, con diferentes tipos de letra. Notas de pie de página. Ilustraciones y fotografías (blanco y negro) fuera del texto. Índice. Tapa posterior con deterior en esquina superior |
| 505 #0 - NOTA DE CONTENIDO CON FORMATO PREESTABLECIDO [R] | |
| Nota de contenido con formato preestablecido [NR] | Datos biográficos ; Época literaria de Virgilio ; Influjo literario ; Imitador genial en las Églogas ; Artista creador en las Geórgicas ; Vate inspirado e independiente en la Eneida ; Homero y Virgilio ; El alma en el estilo de Virgilio ; Poema a Virgilio |
| 506 ## - NOTA DE RESTRICCIONES DE ACCESO [R] | |
| Condiciones de acceso [NR] | Consulta en sala |
| 600 #7 - ASIENTO SECUNDARIO DE MATERIA - NOMBRE PERSONAL [R] | |
| 9 (RLIN) | 84924 |
| Nombre personal [NR] | Virgilio Maron, Publio |
| Fechas asociadas con el nombre [NR] | 70 a.C.-19 a.C. |
| Subdivisión general [R] | Crítica e interpretación, etc. |
| 650 #7 - ASIENTO SECUNDARIO DE MATERIA - TERMINO TEMATICO [R] | |
| 9 (RLIN) | 7796 |
| Término temático o nombre geográfico como elemento de entrada [NR] | Literatura Latina |
| 650 #7 - ASIENTO SECUNDARIO DE MATERIA - TERMINO TEMATICO [R] | |
| 9 (RLIN) | 21876 |
| Término temático o nombre geográfico como elemento de entrada [NR] | Poetas latinos |
| 690 ## - ASUNTO AGREGADO LOCAL DE ENTRADA - TÉRMINO TEMÁTICO (OCLC, RLIN) | |
| Acceso temático local | Literatura europea |
| 9 (RLIN) | 26524 |
| 942 ## - ELEMENTOS DE ENTRADA AGREGADOS (KOHA) | |
| Sistema de clasificación | LOCAL |
| Tipo de ítem principal el descrito en 300a | Libro |
| Edición | 1 |
| Clasificación | E47N004 |
| Suprimido | Perdido | Sistema de clasificación | Dañado | No prestable | Tipo de ítem específico | Ubicación habitual | Ubicación actual | Localización | Fecha de creación | Forma de adquisición | Costo | Total préstamos | Signatura topográfica | Código de barras | Última vez visto | Ejemplar | Price effective from | Tipo de ítem |
|---|---|---|---|---|---|---|---|---|---|---|---|---|---|---|---|---|---|---|
| LOCAL | Libro archivo | Archivo Histórico | Archivo Histórico | Archivo histórico | 09/07/2018 | Donación | 0.00 | E47N004 | L006676 | 09/07/2018 | Ej.1 | 09/07/2018 | Libro |